Quản lý người lao động trong đơn vị sự nghiệp công lập – Thực trạng và giải pháp tại Trường Đại học Cần Thơ : Báo cáo tổng kết đề tài Khoa học và Công nghệ cấp cơ sở

Nghiên cứu đề xuất những giải pháp để quản lý và sử dụng người lao động có hiệu quả hơn. Góp phần nâng cao chất lượng quản lý và sử dụng đội ngũ nhân lực tại Trường Đại học Cần Thơ để thực hiện hiệu quả các nhiệm vụ và mục tie...

Deskribapen osoa

Gorde:
Xehetasun bibliografikoak
Egile nagusia: Võ, Hoàng Yến
Formatua: Liburua
Hizkuntza:Undetermined
Argitaratua: Cần Thơ Trường Đại học Cần Thơ 2018
Gaiak:
Etiketak: Etiketa erantsi
Etiketarik gabe, Izan zaitez lehena erregistro honi etiketa jartzen!
Thư viện lưu trữ: Trung tâm Học liệu Trường Đại học Cần Thơ
LEADER 01283nam a2200217Ia 4500
001 CTU_229388
008 210402s9999 xx 000 0 und d
082 |a 658.3 
082 |b Y603 
088 |a T2017-37 
100 |a Võ, Hoàng Yến 
245 0 |a Quản lý người lao động trong đơn vị sự nghiệp công lập – Thực trạng và giải pháp tại Trường Đại học Cần Thơ : 
245 0 |b Báo cáo tổng kết đề tài Khoa học và Công nghệ cấp cơ sở 
245 0 |c Võ Hoàng Yến (Chủ nhiệm đề tài) 
260 |a Cần Thơ 
260 |b Trường Đại học Cần Thơ 
260 |c 2018 
520 |a Nghiên cứu đề xuất những giải pháp để quản lý và sử dụng người lao động có hiệu quả hơn. Góp phần nâng cao chất lượng quản lý và sử dụng đội ngũ nhân lực tại Trường Đại học Cần Thơ để thực hiện hiệu quả các nhiệm vụ và mục tiêu của nhà trường. 
650 |a Quản trị nhân sự,Personnel management 
910 |b nthai 
980 |a Trung tâm Học liệu Trường Đại học Cần Thơ